<?xml version="1.0" encoding="UTF-8"?><?xml-stylesheet type="text/xsl" href="static/style.xsl"?><OAI-PMH xmlns="http://www.openarchives.org/OAI/2.0/" xmlns:xsi="http://www.w3.org/2001/XMLSchema-instance" xsi:schemaLocation="http://www.openarchives.org/OAI/2.0/ http://www.openarchives.org/OAI/2.0/OAI-PMH.xsd"><responseDate>2026-04-13T02:18:08Z</responseDate><request verb="GetRecord" identifier="oai:www.recercat.cat:11351/12949" metadataPrefix="marc">https://recercat.cat/oai/request</request><GetRecord><record><header><identifier>oai:recercat.cat:11351/12949</identifier><datestamp>2025-10-24T10:20:41Z</datestamp><setSpec>com_2072_378070</setSpec><setSpec>com_2072_378040</setSpec><setSpec>col_2072_378092</setSpec></header><metadata><record xmlns="http://www.loc.gov/MARC21/slim" xmlns:dcterms="http://purl.org/dc/terms/" xmlns:xsi="http://www.w3.org/2001/XMLSchema-instance" xmlns:doc="http://www.lyncode.com/xoai" xsi:schemaLocation="http://www.loc.gov/MARC21/slim http://www.loc.gov/standards/marcxml/schema/MARC21slim.xsd">
   <leader>00925njm 22002777a 4500</leader>
   <datafield ind2=" " ind1=" " tag="042">
      <subfield code="a">dc</subfield>
   </datafield>
   <datafield ind2=" " ind1=" " tag="720">
      <subfield code="a">Rodríguez-Tubío Dapena, Santiago</subfield>
      <subfield code="e">author</subfield>
   </datafield>
   <datafield ind2=" " ind1=" " tag="720">
      <subfield code="a">Romero Carmona, Maria</subfield>
      <subfield code="e">author</subfield>
   </datafield>
   <datafield ind2=" " ind1=" " tag="720">
      <subfield code="a">Reixach-Asperó, Laia</subfield>
      <subfield code="e">author</subfield>
   </datafield>
   <datafield ind2=" " ind1=" " tag="720">
      <subfield code="a">Pujol-Jover, Montserrat</subfield>
      <subfield code="e">author</subfield>
   </datafield>
   <datafield ind2=" " ind1=" " tag="720">
      <subfield code="a">Morey-Olivé, Miriam</subfield>
      <subfield code="e">author</subfield>
   </datafield>
   <datafield ind2=" " ind1=" " tag="260">
      <subfield code="c">2025-04-14T07:58:46Z</subfield>
   </datafield>
   <datafield ind2=" " ind1=" " tag="260">
      <subfield code="c">2025-04-14T07:58:46Z</subfield>
   </datafield>
   <datafield ind2=" " ind1=" " tag="260">
      <subfield code="c">2024</subfield>
   </datafield>
   <datafield ind2=" " ind1=" " tag="260">
      <subfield code="c">2025-02</subfield>
   </datafield>
   <datafield ind2=" " ind1=" " tag="520">
      <subfield code="a">Ventilación no invasiva; Transporte interhospitalario; Bronquiolitis aguda</subfield>
   </datafield>
   <datafield ind2=" " ind1=" " tag="520">
      <subfield code="a">Ventilació no invasiva; Transport interhospitalari; Bronquiolitis aguda</subfield>
   </datafield>
   <datafield ind2=" " ind1=" " tag="520">
      <subfield code="a">Noninvasive ventilation; Interfacility transport; Acute bronchiolitis</subfield>
   </datafield>
   <datafield ind2=" " ind1=" " tag="520">
      <subfield code="a">Objetivo&#xd;
Describir y comparar las características de los pacientes con bronquiolitis aguda (BA) trasladados entre hospitales con ventilación no invasiva (VNI), iniciada bien por el equipo de transporte pediátrico (ETP) o por el hospital emisor (HE).&#xd;
Métodos&#xd;
Estudio retrospectivo, observacional y unicéntrico realizado por un ETP. Se incluyeron todos los pacientes con BA trasladados con VNI entre dos hospitales entre enero de 2021 y marzo de 2024.&#xd;
Resultados&#xd;
Se incluyeron en el estudio 263 pacientes trasladados con VNI; en 119 (45,2%) el soporte fue iniciado por el HE y en 144 (54,8%), por el ETP. El inicio de VNI por el HE se asoció a un menor tiempo de estabilización, mediana de 40 minutos, rango intercuartílico (RIQ) de 33,3-47 minutos, en comparación con los del grupo ETP, con 47 (RIQ: 40-56) minutos. Se objetivó una menor puntuación en la escala de gravedad BROSJOD y de las necesidades de oxígeno en el grupo de pacientes de VNI en HE tanto al inicio como al final del traslado. Se registraron incidencias en un 14,1% (37) de los traslados, que fueron más frecuentes en el grupo de HE, siendo en su mayoría fugas y desadaptación.&#xd;
Conclusiones&#xd;
Los pacientes con BA que precisaron traslado con VNI se beneficiaron de un inicio precoz del soporte, trasladándose en mejores condiciones clínicas. Formar al personal de los HE en el uso de la VNI podría disminuir las complicaciones relacionadas con su uso.</subfield>
   </datafield>
   <datafield ind2=" " ind1=" " tag="520">
      <subfield code="a">Objective&#xd;
To describe and compare the characteristics of patients with acute bronchiolitis (AB) transported between hospitals with noninvasive ventilation (NIV), initiated either by the paediatric transport team (PTT) or by the sending hospital (SH).&#xd;
Methods&#xd;
Retrospective, observational, single-centre study conducted by one PTT. We included all transports between 2 hospitals of patients with AB in which NIV was used between January 2021 and March 2024.&#xd;
Results&#xd;
The sample included 263 transports with NIV, with initiation of NIV by the SH in 119 (45.2%) and by the PTT in 144 (54.8%). Initiation of NIV by the SH was associated with a shorter stabilization time, with a median of 40 minutes (IQR: 33.3-47) compared to initiation by the PTT group, with a median of 47 minutes (IQR: 40-56). The scores in the BROSJOD severity scale and the oxygen requirements were lower, both at the beginning and at the end of transport, in the group of patients in whom NIV was initiated at the SH. Incidents were documented in 14.1% (n = 37) of transports, with a higher frequency of minor complications in the SH-initiated group, chiefly leaks and patient-ventilator asynchrony.&#xd;
Conclusions&#xd;
Patients with bronchiolitis who required transport with NIV benefited from early initiation of support in RH, as they were in better clinical condition during transport. Training SH staff in the use of NIV could decrease the incidence of the potential complications associated with this technique.</subfield>
   </datafield>
   <datafield ind1="8" ind2=" " tag="024">
      <subfield code="a">http://hdl.handle.net/11351/12949</subfield>
   </datafield>
   <datafield tag="653" ind2=" " ind1=" ">
      <subfield code="a">Nodrissons</subfield>
   </datafield>
   <datafield tag="653" ind2=" " ind1=" ">
      <subfield code="a">Transport de malalts i ferits</subfield>
   </datafield>
   <datafield tag="653" ind2=" " ind1=" ">
      <subfield code="a">Respiració artificial</subfield>
   </datafield>
   <datafield tag="653" ind2=" " ind1=" ">
      <subfield code="a">Bronquiolitis - Tractament</subfield>
   </datafield>
   <datafield tag="653" ind2=" " ind1=" ">
      <subfield code="a">DISEASES::Respiratory Tract Diseases::Bronchial Diseases::Bronchitis::Bronchiolitis</subfield>
   </datafield>
   <datafield tag="653" ind2=" " ind1=" ">
      <subfield code="a">Other subheadings::Other subheadings::/therapy</subfield>
   </datafield>
   <datafield tag="653" ind2=" " ind1=" ">
      <subfield code="a">ANALYTICAL, DIAGNOSTIC AND THERAPEUTIC TECHNIQUES, AND EQUIPMENT::Therapeutics::Airway Management::Respiration, Artificial::Noninvasive Ventilation</subfield>
   </datafield>
   <datafield tag="653" ind2=" " ind1=" ">
      <subfield code="a">ANALYTICAL, DIAGNOSTIC AND THERAPEUTIC TECHNIQUES, AND EQUIPMENT::Therapeutics::Patient Care::Continuity of Patient Care::Patient Transfer</subfield>
   </datafield>
   <datafield tag="653" ind2=" " ind1=" ">
      <subfield code="a">DISEASES::Pathological Conditions, Signs and Symptoms::Pathologic Processes::Disease Attributes::Acute Disease</subfield>
   </datafield>
   <datafield tag="653" ind2=" " ind1=" ">
      <subfield code="a">NAMED GROUPS::Persons::Age Groups::Infant</subfield>
   </datafield>
   <datafield tag="653" ind2=" " ind1=" ">
      <subfield code="a">ENFERMEDADES::enfermedades respiratorias::enfermedades bronquiales::bronquitis::bronquiolitis</subfield>
   </datafield>
   <datafield tag="653" ind2=" " ind1=" ">
      <subfield code="a">Otros calificadores::Otros calificadores::/terapia</subfield>
   </datafield>
   <datafield tag="653" ind2=" " ind1=" ">
      <subfield code="a">TÉCNICAS Y EQUIPOS ANALÍTICOS, DIAGNÓSTICOS Y TERAPÉUTICOS::terapéutica::manejo de la via aérea::respiración artificial::ventilación no invasiva</subfield>
   </datafield>
   <datafield tag="653" ind2=" " ind1=" ">
      <subfield code="a">TÉCNICAS Y EQUIPOS ANALÍTICOS, DIAGNÓSTICOS Y TERAPÉUTICOS::terapéutica::asistencia al paciente::continuidad de la atención al paciente::traslado de pacientes</subfield>
   </datafield>
   <datafield tag="653" ind2=" " ind1=" ">
      <subfield code="a">ENFERMEDADES::afecciones patológicas, signos y síntomas::procesos patológicos::atributos de la enfermedad::enfermedad aguda</subfield>
   </datafield>
   <datafield tag="653" ind2=" " ind1=" ">
      <subfield code="a">DENOMINACIONES DE GRUPOS::personas::Grupos de Edad::lactante</subfield>
   </datafield>
   <datafield ind2="0" ind1="0" tag="245">
      <subfield code="a">Ventilación no invasiva en la estabilización de pacientes con bronquiolitis aguda durante el transporte interhospitalario</subfield>
   </datafield>
   <datafield ind2="0" ind1="0" tag="245">
      <subfield code="a">Noninvasive ventilation for stabilization of patients with acute bronchiolitis during interhospital transport</subfield>
   </datafield>
</record></metadata></record></GetRecord></OAI-PMH>